[Event "Crema op-B 17th"]
[Site "Crema"]
[Date "2016.09.02"]
[Round "2"]
[White "Battagin, Mose"]
[Black "Biava, Pierluigi"]
[Result "1-0"]
[WhiteElo "1788"]
[BlackElo "1653"]
[PlyCount "95"]
[EventDate "2016.09.02"]
[EventType "swiss"]
[EventRounds "6"]
[EventCountry "ITA"]
[SourceTitle "EXT 2018"]
[Source "ChessBase"]
[SourceDate "2017.10.13"]
[SourceVersion "1"]
[SourceVersionDate "2017.10.13"]
[SourceQuality "1"]

1. e4 g6 2. d4 b6 3. Nc3 Bg7 4. f4 e6 5. Nf3 Ne7 6. Bd3 d6 7. Qe2 Bb7 8. Be3 a6 9. g4 h5 10. g5 Qd7 11. Bf2 0-0 12. 0-0 Nbc6 13. a3 b5 14. Rad1 Rae8 15. Nb1 e5 16. d5 Qg4+ 17. Kh1 Nd8 18. Rg1 Qd7 19. fxe5 dxe5 20. b3 Nc8 21. c4 c6 22. Be1 cxd5 23. cxd5 Nd6 24. Bc3 Bxd5 25. Bc2 Ba8 26. Bb4 N8b7 27. Nc3 Rc8 28. Nd5 Rc6 29. Rd2 a5 30. Bc3 Qe6 31. Rgd1 Re8 32. Bd3 Qd7 33. Bb2 f5 34. gxf6 Bh6 35. Ne3 Qf7 36. Bxe5 Qxb3 37. Rg1 Kh7 38. Bxd6 Nxd6 39. e5 Nf5 40. Nxf5 gxf5 41. Bxf5+ Kh8 42. Qd3 Rc3 43. Rf1 Rxd3 44. Rxd3 Qc4 45. e6 Be4 46. f7 Rxe6 47. Rd8+ Bf8 48. Rxf8+ 1-0

[Event "Milan SSM July"]
[Site "Milan"]
[Date "2015.07.05"]
[Round "4"]
[White "Ruggeri, Igor"]
[Black "Biava, Pierluigi"]
[Result "1/2-1/2"]
[WhiteElo "1528"]
[BlackElo "1588"]
[PlyCount "53"]
[EventDate "2015.07.02"]
[EventType "swiss"]
[EventRounds "5"]
[EventCountry "ITA"]
[SourceTitle "EXT 2024"]
[Source "ChessBase"]
[SourceDate "2023.10.10"]
[SourceVersion "1"]
[SourceVersionDate "2023.10.10"]
[SourceQuality "1"]

1. d4 e6 2. c4 f5 3. Nf3 Nf6 4. g3 Be7 5. Bg2 0-0 6. 0-0 c6 7. Nc3 d5 8. cxd5 exd5 9. b3 Ne4 10. Bb2 Nd7 11. e3 Ndf6 12. Ne5 Bb4 13. Rc1 Qa5 14. Nxe4 Nxe4 15. Bxe4 fxe4 16. a4 Bh3 17. Rc2 Rf6 18. Ng4 Rg6 19. Ne5 Re6 20. Qh5 Rxe5 21. Qxh3 Re7 22. Rfc1 Rf8 23. Bc3 Bxc3 24. Rxc3 Ref7 25. R1c2 Qd8 26. b4 a6 27. Rc5 1/2-1/2

[Event "Milan Crespi op-B 34th"]
[Site "Milan"]
[Date "2013.12.08"]
[Round "7"]
[White "Biava, Pierluigi"]
[Black "Manca, Renato"]
[Result "1-0"]
[WhiteElo "1686"]
[BlackElo "1629"]
[PlyCount "93"]
[EventDate "2013.12.04"]
[EventType "swiss"]
[EventRounds "7"]
[EventCountry "ITA"]
[SourceTitle "EXT 2015"]
[Source "ChessBase"]
[SourceDate "2014.11.20"]
[SourceVersion "1"]
[SourceVersionDate "2014.11.20"]
[SourceQuality "1"]

1. e4 c5 2. f4 e5 3. d3 exf4 4. Bxf4 d5 5. Nc3 d4 6. Nd5 Bd6 7. Ne2 Bxf4 8. Nexf4 Nf6 9. g3 0-0 10. Be2 Re8 11. Qd2 Nc6 12. 0-0 Ne5 13. Nxf6+ Qxf6 14. Nd5 Qd6 15. Rf4 b5 16. c4 bxc4 17. dxc4 Bh3 18. b3 Qh6 19. Rd1 d3 20. Bxd3 Bg4 21. Be2 Bxe2 22. Qxe2 Rac8 23. Rdf1 Re6 24. Rh4 Qg6 25. Nf4 Qf6 26. Nxe6 Qxe6 27. Qh5 h6 28. Qf5 Qe8 29. Rd1 Nc6 30. Qxc5 Ne5 31. Qf2 Qe6 32. Rd5 Ng6 33. Rf4 Nxf4 34. Qxf4 Qb6+ 35. Kg2 Qa6 36. a4 Qb7 37. Rb5 Qd7 38. Qf5 Qd2+ 39. Kh3 Re8 40. Rd5 Qe2 41. Rd7 f6 42. Qg6 Qf1+ 43. Kh4 Rxe4+ 44. Qxe4 g5+ 45. Kh5 Qh3+ 46. Kg6 Qxd7 47. Qd5+ 1-0

[Event "Vimercate Weekend 8th"]
[Site "Vimercate"]
[Date "2013.11.23"]
[Round "3"]
[White "Moroni, Luca Jr"]
[Black "Biava, Pierluigi"]
[Result "1-0"]
[WhiteElo "2219"]
[BlackElo "1673"]
[PlyCount "67"]
[EventDate "2013.11.22"]
[EventType "swiss"]
[EventRounds "5"]
[EventCountry "ITA"]
[SourceTitle "EXT 2024"]
[Source "ChessBase"]
[SourceDate "2023.10.10"]
[SourceVersion "1"]
[SourceVersionDate "2023.10.10"]
[SourceQuality "1"]

1. Nf3 Nf6 2. c4 e6 3. g3 b6 4. Bg2 Bb7 5. Nc3 c5 6. 0-0 Be7 7. Re1 0-0 8. e4 d6 9. d4 Nbd7 10. b3 a6 11. Bb2 Qc7 12. Rc1 Rad8 13. a4 Rfe8 14. Qc2 h6 15. d5 e5 16. Rf1 Nh7 17. Ne1 g5 18. Nd3 Ndf8 19. Ne2 Ng6 20. Rce1 Bc8 21. f4 f6 22. Nc3 Bd7 23. Qe2 Kg7 24. Nd1 b5 25. axb5 axb5 26. Ne3 bxc4 27. bxc4 Bf8 28. Ra1 Ra8 29. Nf5+ Bxf5 30. Rxa8 Rxa8 31. exf5 Ne7 32. fxe5 Ra4 33. exf6+ Nxf6 34. Bxf6+ 1-0

[Event "Crema op 15th"]
[Site "Crema"]
[Date "2013.08.31"]
[Round "3"]
[White "Biava, Pierluigi"]
[Black "Galbiati, Antonio"]
[Result "1-0"]
[WhiteElo "1681"]
[BlackElo "1410"]
[PlyCount "51"]
[EventDate "2013.08.30"]
[EventType "swiss"]
[EventRounds "6"]
[EventCountry "ITA"]
[SourceTitle "EXT 2015"]
[Source "ChessBase"]
[SourceDate "2014.11.20"]
[SourceVersion "1"]
[SourceVersionDate "2014.11.20"]
[SourceQuality "1"]

1. e4 e5 2. Nc3 Nf6 3. f4 Nc6 4. Nf3 d6 5. Bc4 h6 6. f5 Na5 7. Be2 d5 8. Nxe5 dxe4 9. 0-0 Qd4+ 10. Kh1 Qxe5 11. d4 Qe7 12. d5 c6 13. Qd4 Qd7 14. b4 Nxd5 15. bxa5 Nxc3 16. Qxc3 Rg8 17. Bb2 Be7 18. Qe5 f6 19. Qxe4 Qd5 20. Bh5+ Kf8 21. Rae1 Qxe4 22. Rxe4 Bd7 23. Bg6 Be8 24. Rfe1 Bxg6 25. fxg6 Re8 26. Ba3 1-0

[Event "Lombardia Region-ch"]
[Site "Saronno"]
[Date "2013.05.25"]
[Round "2"]
[White "Nordio, Giorgio"]
[Black "Biava, Pierluigi"]
[Result "1/2-1/2"]
[WhiteElo "1668"]
[BlackElo "1649"]
[PlyCount "118"]
[EventDate "2013.05.24"]
[EventType "swiss"]
[EventRounds "5"]
[EventCountry "ITA"]
[SourceTitle "EXT 2015"]
[Source "ChessBase"]
[SourceDate "2014.11.20"]
[SourceVersion "1"]
[SourceVersionDate "2014.11.20"]
[SourceQuality "1"]

1. c4 Nf6 2. g3 g6 3. Bg2 Bg7 4. Nf3 0-0 5. 0-0 c6 6. Nc3 d5 7. cxd5 Nxd5 8. e4 Nb4 9. d4 Bg4 10. Be3 h6 11. Qd2 Kh7 12. Ne1 a5 13. f4 Qd7 14. a3 N4a6 15. Qd3 Rd8 16. Nc2 Nc5 17. Qc4 Ne6 18. Kh1 b5 19. Qb3 a4 20. Qa2 Nc7 21. f5 gxf5 22. exf5 e6 23. h3 Bxf5 24. Be4 Nd5 25. Bxf5+ exf5 26. Qb1 Qe6 27. Nxd5 Rxd5 28. Nb4 Qxe3 29. Nxd5 cxd5 30. Qxf5+ Kh8 31. Qxd5 Ra7 32. Rxf7 Rxf7 33. Qxf7 Qxg3 34. Qe8+ Kh7 35. Qe4+ Kh8 36. Qg4 Qxg4 37. hxg4 Bxd4 38. Rd1 Nc6 39. Rc1 Ne5 40. Rc8+ Kh7 41. Rb8 Nxg4 42. Rxb5 Ne3 43. Rb4 Nc2 44. Rc4 Bxb2 45. Rxc2 Bxa3 46. Ra2 Bc1 47. Rxa4 Kg6 48. Ra5 Bg5 49. Kg2 h5 50. Kh3 Bf6 51. Rb5 Bg5 52. Rb8 Bf6 53. Rc8 Kh7 54. Kg2 Kg6 55. Kf3 Kf5 56. Rg8 Bg5 57. Rh8 Kg6 58. Ke4 Bf6 59. Rg8+ Bg7 1/2-1/2